| 000 | 00585nam a2200181 a 4500 | ||
|---|---|---|---|
| 005 | 20140412111335.0 | ||
| 008 | 031017s19uu xx 00 eng d | ||
| 020 | _a0-02-831013-6 | ||
| 050 |
_aTR(GS 372.4 _bA19 2000 |
||
| 100 | _aAdams, Marilyn Jager | ||
| 245 |
_aHome connection (orange). / : _cMarilyn Jager Adams & et al. _bEnglish and Spanish, level 1 / |
||
| 260 |
_aColumbus, Ohio : _bSRA/McGraw-Hill, _c2000. |
||
| 300 | _a99 p. ; ill. | ||
| 440 | _aSRA: Open Court Reading | ||
| 650 | _aEnglish language--Reading | ||
| 650 | _aSpanish language--Reading | ||
| 999 |
_c105022 _d105022 |
||